[Event "CZE-ch U12 2020"]
[Site "Kouty nad Desnou"]
[Date "2020.03.07"]
[Round "1.10"]
[White "Juhanak, Daniel"]
[Black "Hobza, Richard"]
[Result "1-0"]
[WhiteElo "1656"]
[BlackElo "1251"]
[Annotator "NA RC"]
[PlyCount "147"]
[EventDate "2020.03.07"]
[EventCountry "CZE"]
[SourceTitle "playchess.com"]
[Source "ChessBase"]
[SourceQuality "1"]
[TimeControl "5400+30"]

1. Nf3 {[%emt 0:00:00]} Nf6 {[%emt 0:00:00]} 2. g3 {[%emt 0:01:19]} d5 {[%emt 0:01:49]} 3. d4 {[%emt 0:00:53]} e6 {[%emt 0:02:07]} 4. Bg2 {[%emt 0:02:23]} Be7 {[%emt 0:01:59]} 5. O-O {[%emt 0:00:18]} O-O {[%emt 0:01:03]} 6. c4 {[%emt 0:01:20]} c6 {[%emt 0:03:07]} 7. Nc3 {[%emt 0:05:56]} Nbd7 {[%emt 0:01:40]} 8. Qc2 {[%emt 0:02:10]} dxc4 {[%emt 0:03:05]} 9. Rd1 {[%emt 0:05:12]} Nb6 {[%emt 0:01:29]} 10. Ne5 {[%emt 0:02:28]} Qc7 {[%emt 0:03:44]} 11. Bf4 {[%emt 0:10:35]} Bd6 {[%emt 0:00:32]} 12. Ne4 {[%emt 0:04:45]} Nxe4 {[%emt 0:02:14]} 13. Bxe4 {[%emt 0:02:19]} g6 {[%emt 0:02:33]} 14. Bh6 {[%emt 0:13:57]} Re8 {[%emt 0:02:57]} 15. Nxc4 {[%emt 0:06:08]} Nxc4 {[%emt 0:01:35]} 16. Qxc4 {[%emt 0:00:53]} Bd7 {[%emt 0:02:23]} 17. Rac1 {[%emt 0:02:54]} Rac8 {[%emt 0:00:45]} 18. Qb3 {[%emt 0:09:12]} b6 {[%emt 0:02:54]} 19. d5 {[%emt 0:06:57]} exd5 {[%emt 0:00:57]} 20. Bxd5 {[%emt 0:00:13]} Be6 {[%emt 0:01:01]} 21. Qc3 {[%emt 0:03:35]} Be5 {[%emt 0:01:25]} 22. Qxc6 {[%emt 0:00:54]} Qxc6 {[%emt 0:00:41]} 23. Bxc6 {[%emt 0:05:12]} Red8 {[%emt 0:01:50]} 24. Rxd8+ {[%emt 0:03:17]} Rxd8 {[%emt 0:00:14]} 25. b3 {[%emt 0:00:55]} f6 {[%emt 0:01:23]} 26. Be3 {[%emt 0:03:16]} Bh3 {[%emt 0:02:06]} 27. Bg2 {[%emt 0:03:06]} Bb2 {[%emt 0:01:21]} 28. Rf1 {[%emt 0:01:37]} Bxg2 {[%emt 0:00:30]} 29. Kxg2 {[%emt 0:00:03]} Rc8 {[%emt 0:00:54]} 30. Rd1 {[%emt 0:00:20]} Rc7 {[%emt 0:01:47]} 31. Bf4 {[%emt 0:01:44]} Re7 {[%emt 0:00:52]} 32. Rd2 {[%emt 0:00:34]} Bc3 {[%emt 0:01:00]} 33. Rc2 {[%emt 0:00:09]} Bb4 {[%emt 0:00:45]} 34. Kf3 {[%emt 0:01:13]} f5 {[%emt 0:02:38]} 35. a4 {[%emt 0:00:39]} Kf7 {[%emt 0:02:46]} 36. Rc4 {[%emt 0:00:36]} Ba3 {[%emt 0:00:45]} 37. b4 {[%emt 0:00:31]} a6 {[%emt 0:02:55]} 38. b5 {[%emt 0:00:46]} axb5 {[%emt 0:00:20]} 39. axb5 {[%emt 0:00:06]} Bc5 {[%emt 0:00:38]} 40. Ra4 {[%emt 0:00:50]} Kf6 {[%emt 0:04:35]} 41. h4 {[%emt 0:00:29]} Ke6 {[%emt 0:02:54]} 42. Bg5 {[%emt 0:00:39]} Rd7 {[%emt 0:00:50]} 43. Be3 {[%emt 0:00:32]} Rd5 {[%emt 0:02:27]} 44. Bxc5 {[%emt 0:00:29]} Rxc5 {[%emt 0:00:17]} 45. Rb4 {[%emt 0:00:32]} Ke5 {[%emt 0:03:59]} 46. Ke3 {[%emt 0:00:25]} Rc3+ {[%emt 0:02:00]} 47. Kd2 {[%emt 0:00:21]} Ra3 {[%emt 0:01:20]} 48. e3 {[%emt 0:00:43]} Ra2+ {[%emt 0:02:30]} 49. Ke1 {[%emt 0:00:22]} Rc2 {[%emt 0:00:29]} 50. f3 {[%emt 0:00:28]} h5 {[%emt 0:01:56]} 51. g4 {[%emt 0:00:27]} Rh2 {[%emt 0:08:32]} 52. gxh5 {[%emt 0:00:32]} gxh5 {[%emt 0:00:14]} 53. Kd1 {[%emt 0:00:41]} Rf2 {[%emt 0:01:22]} 54. f4+ {[%emt 0:00:31]} Ke6 {[%emt 0:00:35]} 55. Rc4 {[%emt 0:00:09]} Rh2 {[%emt 0:00:58]} 56. Rc6+ {[%emt 0:00:28]} Kd5 {[%emt 0:00:14]} 57. Rxb6 {[%emt 0:00:24]} Rxh4 {[%emt 0:00:57]} 58. Rf6 {[%emt 0:00:31]} Ke4 {[%emt 0:00:38]} 59. b6 {[%emt 0:00:50]} Rg4 {[%emt 0:02:17]} 60. b7 {[%emt 0:00:36]} Rg8 {[%emt 0:00:13]} 61. Rb6 {[%emt 0:00:20]} Rb8 {[%emt 0:00:15]} 62. Ke2 {[%emt 0:00:12]} h4 {[%emt 0:00:31]} 63. Rb4+ {[%emt 0:00:09]} Kd5 {[%emt 0:00:16]} 64. Kf3 {[%emt 0:00:15]} Kc5 {[%emt 0:02:54]} 65. Rb2 {[%emt 0:00:19]} Kd5 {[%emt 0:00:50]} 66. Rb5+ {[%emt 0:00:45]} Ke6 {[%emt 0:00:19]} 67. Kg2 {[%emt 0:00:27]} Kd6 {[%emt 0:00:31]} 68. Kh3 {[%emt 0:00:20]} Kc6 {[%emt 0:00:16]} 69. Rb3 {[%emt 0:00:32]} Kd5 {[%emt 0:00:32]} 70. Kxh4 {[%emt 0:00:44]} Kc4 {[%emt 0:00:21]} 71. Rb6 {[%emt 0:00:31]} Kd3 {[%emt 0:00:22]} 72. Kg5 {[%emt 0:00:14]} Kxe3 {[%emt 0:00:50]} 73. Kxf5 {[%emt 0:00:07]} Kd4 {[%emt 0:00:25]} 74. Ke6 {[%emt 0:01:00]} 1-0

[Event "CZE-ch U12 2020"]
[Site "Kouty nad Desnou"]
[Date "2020.03.07"]
[Round "1.11"]
[White "Matus, Jakub"]
[Black "Jasso, Matej"]
[Result "0-1"]
[WhiteElo "1240"]
[BlackElo "1582"]
[Annotator "NA RC"]
[PlyCount "94"]
[EventDate "2020.03.07"]
[EventCountry "CZE"]
[SourceTitle "playchess.com"]
[Source "ChessBase"]
[SourceQuality "1"]
[TimeControl "5400+30"]

1. e4 {[%emt 0:00:00]} c5 {[%emt 0:00:00]} 2. Nf3 {[%emt 0:00:00]} d6 {[%emt 0:00:00]} 3. d4 {[%emt 0:00:00]} cxd4 {[%emt 0:00:00]} 4. Nxd4 {[%emt 0:00:00]} Nf6 {[%emt 0:00:04]} 5. Nc3 {[%emt 0:00:00]} a6 {[%emt 0:00:09]} 6. Bg5 {[%emt 0:00:33]} e6 {[%emt 0:00:11]} 7. f4 {[%emt 0:00:25]} Be7 {[%emt 0:00:07]} 8. Qf3 {[%emt 0:02:05]} h6 {[%emt 0:00:51]} 9. Bh4 {[%emt 0:00:50]} Qc7 {[%emt 0:01:14]} 10. Bd3 {[%emt 0:01:48]} Nc6 {[%emt 0:01:05]} 11. Nxc6 {[%emt 0:01:52]} bxc6 {[%emt 0:00:09]} 12. Bf2 {[%emt 0:03:24]} Rb8 {[%emt 0:02:37]} 13. Rb1 {[%emt 0:01:14]} Bb7 {[%emt 0:05:24]} 14. O-O {[%emt 0:01:57]} d5 {[%emt 0:01:15]} 15. exd5 {[%emt 0:01:23]} cxd5 {[%emt 0:00:47]} 16. Bd4 {[%emt 0:02:05]} Bc5 {[%emt 0:02:26]} 17. Ne2 {[%emt 0:02:01]} Bxd4+ {[%emt 0:08:36]} 18. Nxd4 {[%emt 0:00:13]} Qb6 {[%emt 0:00:20]} 19. Qf2 {[%emt 0:00:16]} Ng4 {[%emt 0:01:13]} 20. Qg3 {[%emt 0:03:32]} Qxd4+ {[%emt 0:00:51]} 21. Kh1 {[%emt 0:00:07]} Ne3 {[%emt 0:01:05]} 22. Rfe1 {[%emt 0:00:57]} Nc4 {[%emt 0:00:35]} 23. f5 {[%emt 0:01:13]} Kd7 {[%emt 0:03:59]} 24. Bxc4 {[%emt 0:02:54]} Qxc4 {[%emt 0:07:36]} 25. fxe6+ {[%emt 0:00:09]} Kc6 {[%emt 0:00:07]} 26. exf7 {[%emt 0:02:14]} Kb6 {[%emt 0:00:32]} 27. Qg6+ {[%emt 0:01:10]} Ka7 {[%emt 0:01:28]} 28. Re8 {[%emt 0:02:04]} Qc6 {[%emt 0:01:25]} 29. Re6 {[%emt 0:03:11]} Qd7 {[%emt 0:02:44]} 30. Rbe1 {[%emt 0:00:40]} Rhf8 {[%emt 0:10:47]} 31. Re7 {[%emt 0:01:16]} Qb5 {[%emt 0:01:31]} 32. h3 {[%emt 0:02:06]} d4 {[%emt 0:05:49]} 33. Re8 {[%emt 0:02:23]} Qb4 {[%emt 0:10:48]} 34. R1e6 {[%emt 0:02:25]} Qd2 {[%emt 0:02:11]} 35. R8e7 {[%emt 0:05:51]} Qc1+ {[%emt 0:02:29]} 36. Re1 {[%emt 0:00:23]} Qf4 {[%emt 0:00:31]} 37. Qxg7 {[%emt 0:01:14]} Qf2 {[%emt 0:05:44]} 38. Qg6 {[%emt 0:07:49]} Rxf7 {[%emt 0:01:21]} 39. Rxf7 {[%emt 0:00:56]} Qxe1+ {[%emt 0:00:10]} 40. Kh2 {[%emt 0:00:07]} Qe5+ {[%emt 0:00:33]} 41. Kg1 {[%emt 0:00:18]} Qg5 {[%emt 0:00:54]} 42. Qxg5 {[%emt 0:00:20]} hxg5 {[%emt 0:00:11]} 43. Rg7 {[%emt 0:00:04]} Rc8 {[%emt 0:00:21]} 44. Rd7 {[%emt 0:00:33]} Rxc2 {[%emt 0:01:07]} 45. Rxd4 {[%emt 0:00:20]} Rxg2+ {[%emt 0:00:05]} 46. Kf1 {[%emt 0:00:07]} Rxb2 {[%emt 0:00:10]} 47. Rg4 Rb5 {[%emt 0:00:41]} 0-1

[Event "CZE-ch U12 2020"]
[Site "Kouty nad Desnou"]
[Date "2020.03.07"]
[Round "1.12"]
[White "Martirosyan, David"]
[Black "Sedmihradsky, Tomas"]
[Result "1-0"]
[WhiteElo "1522"]
[BlackElo "1024"]
[Annotator "NA RC"]
[PlyCount "57"]
[EventDate "2020.03.07"]
[EventCountry "CZE"]
[SourceTitle "playchess.com"]
[Source "ChessBase"]
[SourceQuality "1"]
[TimeControl "5400+30"]

1. e4 {[%emt 0:00:00]} e5 {[%emt 0:00:00]} 2. Nf3 {[%emt 0:00:00]} Nc6 {[%emt 0:00:00]} 3. Bb5 {[%emt 0:00:00]} Bc5 {[%emt 0:00:26]} 4. O-O {[%emt 0:01:42]} d6 {[%emt 0:00:37]} 5. c3 {[%emt 0:00:46]} a6 {[%emt 0:01:54]} 6. Ba4 {[%emt 0:00:37]} b5 {[%emt 0:00:46]} 7. Bc2 {[%emt 0:00:45]} Bb7 {[%emt 0:01:06]} 8. d4 {[%emt 0:02:41]} exd4 {[%emt 0:00:36]} 9. cxd4 {[%emt 0:00:09]} Bb6 {[%emt 0:00:17]} 10. Nc3 {[%emt 0:04:02]} Nge7 {[%emt 0:01:50]} 11. Be3 {[%emt 0:04:41]} d5 {[%emt 0:01:57]} 12. e5 {[%emt 0:04:32]} Qd7 {[%emt 0:01:26]} 13. Ng5 {[%emt 0:05:59]} h6 {[%emt 0:01:45]} 14. e6 {[%emt 0:05:07]} fxe6 {[%emt 0:05:21]} 15. Qh5+ {[%emt 0:01:08]} Kd8 {[%emt 0:00:40]} 16. Nf7+ {[%emt 0:04:29]} Kc8 {[%emt 0:00:19]} 17. Nxh8 {[%emt 0:00:25]} Nxd4 {[%emt 0:00:52]} 18. Bxd4 {[%emt 0:02:45]} Bxd4 {[%emt 0:00:20]} 19. Qg4 {[%emt 0:03:47]} Bf6 {[%emt 0:01:24]} 20. Ng6 {[%emt 0:01:29]} Nxg6 {[%emt 0:02:28]} 21. Qxg6 {[%emt 0:02:00]} Qc6 {[%emt 0:04:14]} 22. Rad1 {[%emt 0:08:29]} b4 {[%emt 0:02:26]} 23. Ba4 {[%emt 0:02:16]} Qb6 {[%emt 0:01:10]} 24. Qe8+ {[%emt 0:04:27]} Bd8 {[%emt 0:00:13]} 25. Bd7+ {[%emt 0:03:20]} Kb8 {[%emt 0:00:08]} 26. Na4 {[%emt 0:00:57]} Qa5 {[%emt 0:00:46]} 27. Qxd8+ {[%emt 0:00:32]} Ka7 {[%emt 0:00:16]} 28. Qe7 {[%emt 0:00:11]} Kb8 {[%emt 0:00:38]} 29. Rd4 {[%emt 0:01:04]} 1-0

[Event "CZE-ch U12 2020"]
[Site "Kouty nad Desnou"]
[Date "2020.03.08"]
[Round "2.1"]
[White "Nemec, Jachym"]
[Black "Juhanak, Daniel"]
[Result "1-0"]
[WhiteElo "2108"]
[BlackElo "1656"]
[Annotator "ChessBase"]
[PlyCount "41"]
[EventDate "2020.03.07"]
[EventCountry "CZE"]
[SourceTitle "playchess.com"]
[Source "ChessBase"]
[SourceQuality "1"]
[TimeControl "5400+30"]

1. d4 {[%emt 0:00:00]} Nf6 {[%emt 0:00:00]} 2. Nf3 {[%emt 0:00:00]} e6 {[%emt 0:00:20]} 3. c4 {[%emt 0:02:06]} b6 {[%emt 0:00:48]} 4. Nc3 {[%emt 0:01:49]} Bb7 {[%emt 0:02:14]} 5. Bg5 {[%emt 0:02:03]} Bb4 {[%emt 0:10:40]} 6. e3 {[%emt 0:04:30]} O-O {[%emt 0:05:33]} 7. Bd3 {[%emt 0:01:22]} c5 {[%emt 0:07:22]} 8. O-O {[%emt 0:00:55]} Bxc3 {[%emt 0:02:56]} 9. bxc3 {[%emt 0:00:36]} d6 {[%emt 0:02:46]} 10. Nd2 {[%emt 0:07:05]} h6 {[%emt 0:02:44]} 11. Bh4 {[%emt 0:00:49]} Nc6 {[%emt 0:13:39]} 12. f4 {[%emt 0:11:23]} d5 {[%emt 0:27:21]} 13. e4 {[%emt 0:13:25]} dxe4 {[%emt 0:06:57]} 14. Nxe4 {[%emt 0:00:14]} Na5 {[%emt 0:03:01]} 15. Nxf6+ {[%emt 0:00:17]} gxf6 {[%emt 0:00:32]} 16. Qg4+ {[%emt 0:00:21]} Kh8 {[%emt 0:00:23]} 17. Qh5 {[%emt 0:01:03]} Kg7 {[%emt 0:02:39]} 18. d5 {[%emt 0:01:45]} Rg8 {[%emt 0:03:52]} 19. Rf3 {[%emt 0:00:18]} Kf8 {[%emt 0:01:12]} 20. Qxh6+ {[%emt 0:00:15]} Ke8 {[%emt 0:00:28]} 21. Bxf6 {[%emt 0:00:11]} 1-0

[Event "CZE-ch U12 2020"]
[Site "Kouty nad Desnou"]
[Date "2020.03.08"]
[Round "2.2"]
[White "Veverka, Vladimir"]
[Black "Brozka, Karel"]
[Result "0-1"]
[WhiteElo "1656"]
[BlackElo "2013"]
[Annotator "ChessBase"]
[PlyCount "88"]
[EventDate "2020.03.07"]
[EventCountry "CZE"]
[SourceTitle "playchess.com"]
[Source "ChessBase"]
[SourceQuality "1"]
[TimeControl "5400+30"]

1. d4 {[%emt 0:00:00]} Nf6 {[%emt 0:00:00]} 2. Nf3 {[%emt 0:00:01]} g6 {[%emt 0:00:02]} 3. c4 {[%emt 0:00:32]} Bg7 {[%emt 0:00:11]} 4. Nc3 {[%emt 0:01:24]} O-O {[%emt 0:00:29]} 5. e4 {[%emt 0:01:17]} d6 {[%emt 0:00:19]} 6. Be3 {[%emt 0:02:38]} Nbd7 {[%emt 0:00:56]} 7. Be2 {[%emt 0:02:27]} e5 {[%emt 0:01:08]} 8. dxe5 {[%emt 0:04:07]} Nxe5 {[%emt 0:09:26]} 9. Nxe5 {[%emt 0:01:53]} dxe5 {[%emt 0:00:41]} 10. Qxd8 {[%emt 0:01:49]} Rxd8 {[%emt 0:00:04]} 11. Nd5 {[%emt 0:07:47]} Nxd5 {[%emt 0:21:58]} 12. cxd5 {[%emt 0:01:46]} Bd7 {[%emt 0:01:12]} 13. a4 {[%emt 0:03:00]} f5 {[%emt 0:05:50]} 14. f3 {[%emt 0:02:24]} Bf8 {[%emt 0:02:48]} 15. O-O {[%emt 0:01:26]} Bd6 {[%emt 0:01:18]} 16. b3 {[%emt 0:02:20]} Kg7 {[%emt 0:04:18]} 17. Rac1 {[%emt 0:04:10]} h6 {[%emt 0:03:58]} 18. h4 {[%emt 0:11:22]} f4 {[%emt 0:05:28]} 19. Bc5 {[%emt 0:02:22]} Rdc8 {[%emt 0:02:52]} 20. Bxd6 {[%emt 0:01:42]} cxd6 {[%emt 0:00:03]} 21. Kf2 {[%emt 0:04:51]} Kf6 {[%emt 0:03:07]} 22. Rh1 {[%emt 0:05:54]} Rab8 {[%emt 0:05:00]} 23. Rhd1 {[%emt 0:03:58]} g5 {[%emt 0:01:37]} 24. hxg5+ {[%emt 0:01:50]} hxg5 {[%emt 0:03:17]} 25. Rh1 {[%emt 0:02:07]} Kg6 {[%emt 0:01:15]} 26. Rhg1 {[%emt 0:02:44]} a5 {[%emt 0:07:18]} 27. Rh1 {[%emt 0:00:55]} b6 {[%emt 0:00:49]} 28. Rhg1 {[%emt 0:05:45]} Rc5 {[%emt 0:00:42]} 29. Rxc5 {[%emt 0:04:17]} bxc5 {[%emt 0:01:00]} 30. Bc4 {[%emt 0:00:23]} Rb4 {[%emt 0:00:13]} 31. Ra1 {[%emt 0:02:38]} g4 {[%emt 0:02:15]} 32. Rc1 {[%emt 0:01:49]} Rb8 {[%emt 0:07:22]} 33. Rh1 {[%emt 0:02:29]} g3+ {[%emt 0:04:19]} 34. Ke2 {[%emt 0:03:51]} Bxa4 {[%emt 0:03:13]} 35. bxa4 {[%emt 0:00:58]} Rb2+ {[%emt 0:00:04]} 36. Kd3 {[%emt 0:00:12]} Rxg2 {[%emt 0:00:07]} 37. Rf1 {[%emt 0:01:48]} Kg5 {[%emt 0:00:42]} 38. Bb5 {[%emt 0:00:54]} Kh4 {[%emt 0:00:42]} 39. Bd7 {[%emt 0:01:00]} Rh2 {[%emt 0:00:49]} 40. Rg1 {[%emt 0:06:32]} g2 {[%emt 0:01:01]} 41. Kc4 {[%emt 0:00:13]} Kg3 {[%emt 0:00:19]} 42. Kb5 {[%emt 0:00:44]} Rh1 {[%emt 0:00:15]} 43. Rxg2+ {[%emt 0:00:37]} Kxg2 {[%emt 0:00:04]} 44. Bg4 {[%emt 0:00:30]} Rb1+ {[%emt 0:00:12]} 0-1

[Event "CZE-ch U12 2020"]
[Site "Kouty nad Desnou"]
[Date "2020.03.08"]
[Round "2.3"]
[White "Fizer, Marek"]
[Black "Martirosyan, David"]
[Result "1-0"]
[WhiteElo "1907"]
[BlackElo "1522"]
[Annotator "ChessBase"]
[PlyCount "77"]
[EventDate "2020.03.07"]
[EventCountry "CZE"]
[SourceTitle "playchess.com"]
[Source "ChessBase"]
[SourceQuality "1"]
[TimeControl "5400+30"]

1. e4 {[%emt 0:00:00]} c6 {[%emt 0:00:00]} 2. d4 {[%emt 0:00:00]} d5 {[%emt 0:00:00]} 3. Nd2 {[%emt 0:00:00]} dxe4 {[%emt 0:00:06]} 4. Nxe4 {[%emt 0:00:05]} Nd7 {[%emt 0:00:12]} 5. Nf3 {[%emt 0:00:25]} Ngf6 {[%emt 0:00:36]} 6. Nxf6+ {[%emt 0:00:35]} Nxf6 {[%emt 0:00:09]} 7. Bc4 {[%emt 0:00:45]} Bf5 {[%emt 0:00:54]} 8. O-O {[%emt 0:00:54]} e6 {[%emt 0:01:34]} 9. Bf4 {[%emt 0:01:09]} Be7 {[%emt 0:02:35]} 10. Re1 {[%emt 0:02:17]} Bg4 {[%emt 0:01:14]} 11. c3 {[%emt 0:08:00]} O-O {[%emt 0:02:47]} 12. h3 {[%emt 0:02:00]} Bxf3 {[%emt 0:00:07]} 13. Qxf3 {[%emt 0:00:09]} Nd5 {[%emt 0:00:58]} 14. Be5 {[%emt 0:03:00]} Bd6 {[%emt 0:05:53]} 15. Qg3 {[%emt 0:03:41]} Bxe5 {[%emt 0:02:20]} 16. Rxe5 {[%emt 0:01:11]} Qf6 {[%emt 0:01:35]} 17. Rae1 {[%emt 0:01:52]} Rfd8 {[%emt 0:04:25]} 18. R1e4 {[%emt 0:13:34]} Rac8 {[%emt 0:17:18]} 19. Bd3 {[%emt 0:01:35]} c5 {[%emt 0:12:09]} 20. Rh5 {[%emt 0:06:51]} h6 {[%emt 0:03:29]} 21. Reh4 {[%emt 0:03:12]} Kf8 {[%emt 0:02:55]} 22. dxc5 {[%emt 0:02:53]} Rxc5 {[%emt 0:02:36]} 23. c4 {[%emt 0:00:38]} Nb4 {[%emt 0:05:15]} 24. Rxc5 {[%emt 0:00:11]} Nxd3 {[%emt 0:00:19]} 25. Rb5 {[%emt 0:01:43]} a6 {[%emt 0:02:14]} 26. Rxb7 {[%emt 0:00:58]} e5 {[%emt 0:02:43]} 27. Qf3 {[%emt 0:00:47]} Nf4 {[%emt 0:02:20]} 28. Rg4 {[%emt 0:08:26]} Rd3 {[%emt 0:02:30]} 29. Rb8+ {[%emt 0:00:52]} Ke7 {[%emt 0:00:43]} 30. Qb7+ {[%emt 0:00:06]} Rd7 {[%emt 0:01:40]} 31. Qb4+ {[%emt 0:00:11]} Rd6 {[%emt 0:04:29]} 32. Qa4 {[%emt 0:01:46]} Qf5 {[%emt 0:05:03]} 33. c5 {[%emt 0:01:47]} Ne2+ {[%emt 0:07:20]} 34. Kh2 {[%emt 0:00:42]} Qxf2 {[%emt 0:02:24]} 35. cxd6+ {[%emt 0:00:06]} Kf6 {[%emt 0:00:32]} 36. Qd1 {[%emt 0:00:13]} h5 {[%emt 0:01:03]} 37. d7 {[%emt 0:01:28]} hxg4 {[%emt 0:02:18]} 38. d8=Q+ {[%emt 0:00:05]} Kg6 {[%emt 0:00:50]} 39. Q8d3+ {[%emt 0:00:08]} 1-0

[Event "CZE-ch U12 2020"]
[Site "Kouty nad Desnou"]
[Date "2020.03.08"]
[Round "2.4"]
[White "Jasso, Matej"]
[Black "Hladky, Tadeas"]
[Result "1/2-1/2"]
[WhiteElo "1582"]
[BlackElo "1773"]
[Annotator "NA"]
[PlyCount "78"]
[EventDate "2020.03.07"]
[EventCountry "CZE"]
[SourceTitle "playchess.com"]
[Source "ChessBase"]
[SourceQuality "1"]
[TimeControl "5400+30"]

1. e4 {[%emt 0:00:00]} Nf6 {[%emt 0:00:00]} 2. Nc3 {[%emt 0:00:00]} e5 {[%emt 0:00:00]} 3. Nf3 {[%emt 0:00:00]} Bb4 {[%emt 0:00:00]} 4. Bc4 {[%emt 0:00:31]} d6 {[%emt 0:02:48]} 5. d3 {[%emt 0:00:18]} Bg4 {[%emt 0:02:53]} 6. h3 {[%emt 0:04:15]} Bh5 {[%emt 0:01:46]} 7. O-O {[%emt 0:00:18]} O-O {[%emt 0:02:11]} 8. Bg5 {[%emt 0:01:37]} Bxc3 {[%emt 0:03:02]} 9. bxc3 {[%emt 0:00:15]} h6 {[%emt 0:01:13]} 10. Bc1 {[%emt 0:04:12]} Nbd7 {[%emt 0:02:46]} 11. Re1 {[%emt 0:03:03]} Re8 {[%emt 0:00:40]} 12. a4 {[%emt 0:05:00]} c6 {[%emt 0:04:13]} 13. Bb3 {[%emt 0:03:04]} d5 {[%emt 0:02:00]} 14. Ba3 {[%emt 0:02:06]} Qc7 {[%emt 0:05:34]} 15. Qe2 {[%emt 0:07:51]} Rad8 {[%emt 0:05:22]} 16. Rad1 {[%emt 0:01:40]} dxe4 {[%emt 0:02:02]} 17. dxe4 {[%emt 0:00:16]} Nf8 {[%emt 0:02:13]} 18. Bxf8 {[%emt 0:01:21]} Rxf8 {[%emt 0:01:06]} 19. Qe3 {[%emt 0:03:05]} b6 {[%emt 0:04:09]} 20. Rd3 {[%emt 0:01:50]} Rxd3 {[%emt 0:04:12]} 21. cxd3 {[%emt 0:00:41]} c5 {[%emt 0:03:46]} 22. Bc4 {[%emt 0:02:17]} Rd8 {[%emt 0:02:07]} 23. Nh4 {[%emt 0:01:36]} Kh7 {[%emt 0:01:53]} 24. Nf5 {[%emt 0:00:56]} Bg6 {[%emt 0:01:34]} 25. Qf3 {[%emt 0:02:13]} Qd7 {[%emt 0:05:29]} 26. Bb5 {[%emt 0:02:33]} Qb7 {[%emt 0:00:22]} 27. Ne3 {[%emt 0:02:05]} a6 {[%emt 0:03:01]} 28. Bc4 {[%emt 0:00:23]} b5 {[%emt 0:03:38]} 29. axb5 {[%emt 0:00:41]} axb5 {[%emt 0:00:06]} 30. Rb1 {[%emt 0:00:01]} b4 {[%emt 0:02:22]} 31. Nd5 {[%emt 0:01:14]} Nxd5 {[%emt 0:03:34]} 32. Bxd5 {[%emt 0:00:49]} Qb5 {[%emt 0:01:03]} 33. cxb4 {[%emt 0:01:06]} cxb4 {[%emt 0:02:41]} 34. Bxf7 {[%emt 0:00:48]} Bxf7 {[%emt 0:00:16]} 35. Qxf7 {[%emt 0:00:08]} Rxd3 {[%emt 0:04:03]} 36. Qf5+ {[%emt 0:00:37]} Kg8 {[%emt 0:01:23]} 37. Qe6+ {[%emt 0:00:38]} Kh7 {[%emt 0:00:34]} 38. Qf5+ {[%emt 0:00:20]} Kg8 {[%emt 0:00:06]} 39. Qe6+ {[%emt 0:00:24]} Kh7 {[%emt 0:00:06]} 1/2-1/2

[Event "CZE-ch U12 2020"]
[Site "Kouty nad Desnou"]
[Date "2020.03.08"]
[Round "2.5"]
[White "Prazak, Daniel"]
[Black "Kubin, Tomas Daniel"]
[Result "1-0"]
[WhiteElo "1765"]
[BlackElo "1484"]
[Annotator "NA"]
[PlyCount "65"]
[EventDate "2020.03.07"]
[EventCountry "CZE"]
[SourceTitle "playchess.com"]
[Source "ChessBase"]
[SourceQuality "1"]
[TimeControl "5400+30"]

1. e4 {[%emt 0:00:00]} d5 {[%emt 0:00:00]} 2. exd5 {[%emt 0:00:00]} Nf6 {[%emt 0:00:00]} 3. Bb5+ {[%emt 0:00:22]} Bd7 {[%emt 0:00:00]} 4. Be2 {[%emt 0:00:31]} Nxd5 {[%emt 0:03:10]} 5. d4 {[%emt 0:01:31]} g6 {[%emt 0:03:56]} 6. Nf3 {[%emt 0:01:31]} Bg7 {[%emt 0:02:04]} 7. O-O {[%emt 0:01:01]} O-O {[%emt 0:02:38]} 8. c4 {[%emt 0:01:27]} Nb6 {[%emt 0:01:20]} 9. h3 {[%emt 0:12:14]} Bf5 {[%emt 0:11:43]} 10. Nc3 {[%emt 0:03:52]} Nc6 {[%emt 0:10:09]} 11. Be3 {[%emt 0:09:19]} e5 {[%emt 0:05:57]} 12. d5 {[%emt 0:09:44]} Ne7 {[%emt 0:02:10]} 13. Qb3 {[%emt 0:03:04]} Re8 {[%emt 0:16:08]} 14. Rfd1 {[%emt 0:01:46]} e4 {[%emt 0:07:57]} 15. Nd4 {[%emt 0:13:51]} Bc8 {[%emt 0:06:59]} 16. Ndb5 {[%emt 0:03:19]} Nf5 {[%emt 0:04:32]} 17. Bxb6 {[%emt 0:09:18]} axb6 {[%emt 0:00:25]} 18. g4 {[%emt 0:01:19]} Nh4 {[%emt 0:02:16]} 19. d6 {[%emt 0:00:49]} Nf3+ {[%emt 0:04:58]} 20. Bxf3 {[%emt 0:00:56]} exf3 {[%emt 0:00:10]} 21. Nd5 {[%emt 0:01:06]} c6 {[%emt 0:05:23]} 22. Ne7+ {[%emt 0:00:48]} Rxe7 {[%emt 0:00:30]} 23. dxe7 Qxe7 {[%emt 0:00:08]} 24. Nd4 {[%emt 0:02:35]} Qe4 {[%emt 0:07:08]} 25. Qxf3 {[%emt 0:02:04]} Qxf3 {[%emt 0:00:35]} 26. Nxf3 {[%emt 0:00:06]} Be6 {[%emt 0:00:14]} 27. Rac1 {[%emt 0:02:43]} Bxb2 {[%emt 0:01:37]} 28. Rb1 {[%emt 0:00:18]} Bg7 {[%emt 0:00:34]} 29. Rxb6 {[%emt 0:00:31]} Bxc4 {[%emt 0:00:11]} 30. Rxb7 {[%emt 0:03:28]} Be2 {[%emt 0:00:42]} 31. Rdd7 {[%emt 0:00:14]} Bxf3 {[%emt 0:00:29]} 32. Rxf7 {[%emt 0:00:11]} Rxa2 {[%emt 0:01:22]} 33. Rxg7+ 1-0